000 00631nam a2200241Ia 4500
003 OSt
005 20221005121414.0
006 a|||||r|||| 00| 0
007 ta
008 221004b |||||||| |||| 00| 0 eng d
024 _a36331
037 _cTextual
040 _aCRL
_cCRL
_beng
041 _2eng
_aeng
082 _aO111,1M99w, K5
100 _aSpears Monroe K
245 0 _aHart Crane
260 _c1965
490 _aUniversity of Minnesota pamphlets on American writers, 47
650 _aENGLISH LITERATURE
942 _hO111,1M99w, K5
_cTEXL
_2cc
999 _c1041078
_d1041078